000 00587nam a2200217Ia 4500
005 20250508165153.0
008 008 250505s9999 xx 000 0 eng d
020 _a0-395-34250-3
037 _aTextual
040 _aFEDL
_beng
_cFEDL
041 _aeng
_2eng
084 _a371.302 812, PAU
_qFEDL
100 _aPauk Walter
_9767968
245 0 _aHow to study in college
250 _a3
260 _aBoston, USA
_bHoughton Mifflin Company
_c1984
300 _axxi,410p.
546 _aRSPEE
942 _cTEXL
_h371.302 812, PAU
999 _c1393556
_d1393556